Podział administracyjny Filipin - Statystyki

Ogólne statystyki
  • Ten quiz został rozwiązany 5 razy
  • Średni wynik to 7 z 18
Statystyki odpowiedzi
Regiony % Poprawnych
Region Stołeczny / Manila
100%
Muzułmańskie Mindanao
67%
Bicol
33%
Cagayan Valley
33%
CALABARZON
33%
Caraga
33%
Central Visayas
33%
Cordillera Administrative
33%
Davao
33%
Eastern Visayas
33%
Ilocos
33%
Luzon Środkowy
33%
MIMAROPA
33%
Mindanao Północne
33%
Negros Island
33%
SOCCSKSARGEN
33%
Western Visayas
33%
Zamboanga Peninsula
33%
Nie znaleziono quizów pasujących do podanych kryteriów
Rozkład punktacji
Procent ludzi z każdym wynikiem
Percentyl według liczby udzielonych odpowiedzi
Twoja historia wyników
Nie rozwiązałeś tego quizu